Svatopluk Sulek : barvy - osud uprostřed moře : [obrazy - výběr z tvorby : Galerie Malovaný dům, Třebíč, 8. ledna - 14. února 2004 : katalog výstavy /

Hlavní autor: Sulek, Svatopluk, 1921-2007
Korporativní autor: Galerie Malovaný dům (Třebíč, Česko)
Další autoři: Dočekal, Jan, 1943-
Jazyk: Čeština
Vydáno: Třebíč : Městské kulturní středisko, [2004]
Témata:
Fyzický popis: [3] s. : barev. il., portrét ; 30 cm
Knihy
Uloženo v:
LEADER 01491nam a2200385 a 4500
001 000705131
003 CZ BrMZK
005 20101125093440.0
007 ta
008 040202s2004 xr ac e c 000 0 cze d
020 |q (brož.) 
040 |a BOA001  |b cze 
043 |a e-xr--- 
045 |a x2y- 
072 7 |a 75  |x Malířství  |2 Konspekt  |9 21 
080 |a 75(437.3)  |2 MRF 
080 |a 75.036/.038  |2 MRF 
080 |a (437.3)  |2 MRF 
080 |a (083.824)  |2 MRF 
100 1 |a Sulek, Svatopluk,  |d 1921-2007  |7 xx0009117  |4 art 
245 1 0 |a Svatopluk Sulek :  |b barvy - osud uprostřed moře : [obrazy - výběr z tvorby : Galerie Malovaný dům, Třebíč, 8. ledna - 14. února 2004 : katalog výstavy /  |c kurátor výstavy Jan Dočekal] 
246 3 3 |a Barvy - osud uprostřed moře 
260 |a Třebíč :  |b Městské kulturní středisko,  |c [2004] 
300 |a [3] s. :  |b barev. il., portrét ;  |c 30 cm 
500 |a Název a podnázev z obálky 
600 1 7 |a Sulek, Svatopluk,  |d 1921-  |7 xx0009117  |2 czenas 
648 4 |a 1921- 
650 0 7 |a české malířství  |7 ph116864  |y 20.-21. stol.  |2 czenas 
650 0 7 |a moderní malířství  |7 ph122940  |z Česko  |2 czenas 
655 7 |a katalogy výstav  |7 fd132536  |2 czenas 
700 1 |a Dočekal, Jan,  |d 1943-  |7 jn19990209144  |4 cur 
710 2 |a Galerie Malovaný dům (Třebíč, Česko)  |7 kn20021125019 
910 |a BOA001  |b 3-1128.867 
990 |a BK 
996 6 |b 2610211841  |c 3-1128.867  |l MZK  |r Sklad / do 1 hodiny  |n 1  |p p.v.  |w 000705131  |u 000010  |a 1  |e BOA001  |j MZK50  |s P